000 00529nam a22001817a 4500
005 20230118121437.0
008 221217b |||||||| |||| 00| 0 eng d
020 _a978-81-239-2289-8
041 _aeng
082 _a651.1 KHA -I
100 _aKHAR , ROOP K .,VYAS S P , AND OTHERS
_97367
245 _aTHE THEORY AND PRACTICS OF INDUSTRIAL PHARMACY
250 _a4th ed.
260 _aNEW DELHI
_bCBS PUBLISHERS & DISTRIBUTORS
_c2022
300 _a1203;.
650 _aPHARMACY
_xB.PHARMA & D.PHARMA
_97472
942 _cBK
999 _c8081
_d8079